000 00465nam a2200181Ia 4500
003 GCL
008 140319s9999 xx 000 0 eng d
040 _aGCL /
_cGCL
082 0 4 _aCC
_b962.053
_bL N
100 1 _aLACOUTURE, JEAN
245 1 0 _aNASSER /
_cLACOUTURE, JEAN
260 _a[S.N] :
_bSEUIL ،
_c1971
300 _a354 P
650 0 4 _aEGYPT - REVOLUTION - 1952
650 0 4 _aEGYPT - HISTORY - 1952
650 0 4 _aGAMAL ABD EL-NASSER
942 _2ddc
_cBK
999 _c15223
_d15223